000
00250nam a2200097Ia 4500
001
682755
005
20250826161425.0
008
250824s9999 xx 000 0 und d
245
0
_a
BUGÜNÜN SARAYLISI
_c
REFİK HALİD KARAY
260
_b
İNKILAP YAYINLARI
999
_c
682755
_d
682755